[Event "Titled Tuesday intern op 01st Apr Late"]
[Site "Chess.com INT"]
[Date "2025.04.01"]
[Round "8"]
[White "Indusekar, Akshay"]
[Black "Azamikia, Mehran"]
[Result "1-0"]
[WhiteElo "2004"]
[BlackElo "2130"]
[PlyCount "93"]
[EventDate "2025.04.01"]
[EventType "swiss (blitz)"]
[EventRounds "11"]
[EventCountry "USA"]
[SourceTitle "CB21_2025"]
[SourceDate "2025.05.21"]
[SourceVersion "1"]
[SourceVersionDate "2025.05.21"]
[SourceQuality "1"]

1. e4 c5 2. Nf3 Nf6 3. Nc3 d5 4. exd5 Nxd5 5. g3 Nc6 6. Bg2 g6 7. 0-0 Bg7 8. Qe1 Nxc3 9. dxc3 0-0 10. Be3 b6 11. Ne5 Bxe5 12. Bxc6 Rb8 13. Bh6 Bg7 14. Bxg7 Kxg7 15. Qe5+ f6 16. Qxb8 Qd2 17. Qxa7 Bh3 18. Bg2 Bxg2 19. Kxg2 Qxc2 20. Qxb6 h5 21. Qxc5 h4 22. Qxe7+ Rf7 23. Qb4 g5 24. Rae1 Qf5 25. Qe4 h3+ 26. Kg1 Qc8 27. f4 Qc5+ 28. Re3 Rd7 29. fxg5 Qxg5 30. Qf4 Qg6 31. Ref3 Rf7 32. c4 Qc2 33. R3f2 Qd3 34. Qg4+ Kf8 35. Qxh3 Qxc4 36. Qh4 Qc6 37. Rxf6 Qc5+ 38. Kg2 Qd5+ 39. R1f3 Qd2+ 40. Kh3 Kg8 41. Rxf7 Qxh2+ 42. Kg4 Qh3+ 43. Kh5 Qe6 44. Qg5+ Kh8 45. Qh6+ Kg8 46. Qxe6 Kh8 47. Qe8# 1-0

[Event "Titled Tuesday intern op 01st Apr Late"]
[Site "Chess.com INT"]
[Date "2025.04.01"]
[Round "2"]
[White "Indusekar, Akshay"]
[Black "Graif, William"]
[Result "1/2-1/2"]
[WhiteElo "2004"]
[BlackElo "2203"]
[PlyCount "117"]
[EventDate "2025.04.01"]
[EventType "swiss (blitz)"]
[EventRounds "11"]
[EventCountry "USA"]
[SourceTitle "CB15_2025"]
[SourceDate "2025.04.09"]
[SourceVersion "1"]
[SourceVersionDate "2025.04.09"]
[SourceQuality "1"]

1. e4 e5 2. Nf3 Bc5 3. Nc3 Nf6 4. h3 0-0 5. Bc4 c6 6. d3 d6 7. 0-0 Nbd7 8. a3 a5 9. Ba2 Re8 10. Be3 b5 11. Bxc5 Nxc5 12. Ne2 d5 13. exd5 Nxd5 14. Ng3 Qc7 15. Re1 Bd7 16. Qd2 Nf4 17. Re3 Be6 18. Bxe6 Rxe6 19. Rae1 Rae8 20. Ne4 Nxe4 21. Rxe4 f6 22. Kh1 c5 23. b3 b4 24. axb4 axb4 25. Ra1 Qf7 26. g3 Nxh3 27. Kg2 Ng5 28. Nxg5 fxg5 29. Qxg5 Rf8 30. Qe3 Qf5 31. Re1 Rh6 32. Rh1 Rxh1 33. Kxh1 Qxf2 34. Qxf2 Rxf2 35. Rxe5 Rxc2 36. Re7 Rc3 37. Rc7 h5 38. Kg2 g6 39. Kf2 Rxd3 40. Rxc5 Rxb3 41. Rb5 Rb1 42. Rb7 b3 43. Kg2 b2 44. Kh2 Kf8 45. Kg2 Ke8 46. Kh2 Kd8 47. Kg2 Kc8 48. Rb5 Kc7 49. Kh2 Kc6 50. Rb8 Kd5 51. Rd8+ Ke4 52. Rb8 Kf3 53. Rf8+ Kg4 54. Rb8 Kf3 55. Rf8+ Ke2 56. Re8+ Kd2 57. Rd8+ Ke2 58. Re8+ Kf3 59. Rf8+ 1/2-1/2

[Event "Titled Tuesday intern op 01st Apr Early"]
[Site "Chess.com INT"]
[Date "2025.04.01"]
[Round "11"]
[White "Le, Minh Tu"]
[Black "Indusekar, Akshay"]
[Result "1-0"]
[WhiteElo "1933"]
[BlackElo "2004"]
[PlyCount "135"]
[EventDate "2025.04.01"]
[EventType "swiss (blitz)"]
[EventRounds "11"]
[EventCountry "USA"]
[SourceTitle "CB15_2025"]
[SourceDate "2025.04.09"]
[SourceVersion "1"]
[SourceVersionDate "2025.04.09"]
[SourceQuality "1"]

1. d4 Nf6 2. Bf4 d5 3. e3 c5 4. Nc3 a6 5. dxc5 Qa5 6. Nf3 Qxc5 7. Be2 Bg4 8. 0-0 e6 9. h3 Bh5 10. Ne5 Bxe2 11. Qxe2 Nbd7 12. Rfd1 Nxe5 13. Bxe5 Be7 14. e4 dxe4 15. Bxf6 Bxf6 16. Nxe4 Qe7 17. Nd6+ Kf8 18. Qf3 g6 19. Qxb7 Qxb7 20. Nxb7 Bxb2 21. Rab1 Be5 22. Nc5 Kg7 23. Rd7 Kf6 24. Rbb7 Rhf8 25. Ne4+ Kf5 26. f3 f6 27. c4 h5 28. c5 Rfc8 29. Kf2 Rc6 30. Ke3 Bf4+ 31. Kd3 Be5 32. Kc4 Kf4 33. Rf7 Kf5 34. g4+ hxg4 35. hxg4+ Kf4 36. Nxf6 Kxf3 37. Nd7+ Ke4 38. Nxe5 Kxe5 39. Rbc7 Rxc7 40. Rxc7 Kf4 41. Re7 e5 42. Kd5 Rd8+ 43. Kc6 e4 44. Kc7 Rd5 45. c6 e3 46. Kb7 Rc5 47. c7 Kf3 48. g5 Kf2 49. Kxa6 e2 50. Kb6 Rc2 51. a4 e1Q 52. Rxe1 Kxe1 53. Kb7 Kf2 54. c8Q Rxc8 55. Kxc8 Kf3 56. a5 Kf4 57. a6 Kxg5 58. a7 Kf4 59. a8Q g5 60. Qg2 g4 61. Kd7 g3 62. Ke6 Kg4 63. Ke5 Kh4 64. Kf4 Kh5 65. Qxg3 Kh6 66. Kf5 Kh7 67. Kf6 Kh8 68. Qg7# 1-0

[Event "Titled Tuesday intern op 01st Apr Late"]
[Site "Chess.com INT"]
[Date "2025.04.01"]
[Round "3"]
[White "Rosh, Jain"]
[Black "Indusekar, Akshay"]
[Result "1-0"]
[WhiteElo "2150"]
[BlackElo "2004"]
[PlyCount "105"]
[EventDate "2025.04.01"]
[EventType "swiss (blitz)"]
[EventRounds "11"]
[EventCountry "USA"]
[SourceTitle "CB15_2025"]
[SourceDate "2025.04.09"]
[SourceVersion "1"]
[SourceVersionDate "2025.04.09"]
[SourceQuality "1"]

1. e4 c5 2. b3 b6 3. Bb2 Bb7 4. d3 e6 5. Nd2 d6 6. Qg4 Nf6 7. Qh3 Nbd7 8. Ngf3 g6 9. Be2 Bg7 10. g4 h6 11. 0-0-0 Qe7 12. Qg3 0-0-0 13. h4 Kb8 14. Nc4 e5 15. g5 Nh5 16. Qg4 Nf4 17. Rde1 h5 18. Qg3 Nf8 19. Kb1 N8e6 20. Bc1 Ka8 21. Ne3 Kb8 22. Ng2 Nxg2 23. Qxg2 Rc8 24. Qg3 Rc7 25. Nd2 Rhc8 26. Nf1 Nd4 27. Ne3 b5 28. Bf3 Qe6 29. Bg2 a6 30. Bh3 Qe7 31. Bxc8 Bxc8 32. Nd5 Qd8 33. Nxc7 Qxc7 34. c3 Ne6 35. f4 exf4 36. Bxf4 Nxf4 37. Qxf4 Bxc3 38. Ref1 Be6 39. Qc1 Bd4 40. Rf3 Qa5 41. Rhf1 Qc7 42. Rf4 b4 43. Qd1 Qe7 44. Qf3 Qc7 45. Rxf7 Bxf7 46. Qxf7 Qa5 47. Qe7 Qc7 48. Rf8+ Kb7 49. Qe8 Kb6 50. Rf7 Qc6 51. Qb8+ Ka5 52. Rb7 d5 53. Qd8+ 1-0